| 000 | 01179nam a2200313 i 4500 | ||
|---|---|---|---|
| 003 | EG-GICUC | ||
| 005 | 20260412104528.0 | ||
| 008 | 260412s1948 fr ||||fr|||| 001 0 fre d | ||
| 040 |
_aEG-GiCUC _bfre _cEG-GiCUC _dEG-GiCUC _eRda |
||
| 041 | 0 | _afre | |
| 082 | 0 | 4 |
_221 _a341.23 _bSA . O |
| 092 | 0 | 4 | _221 |
| 099 | _aLaw1 11 341.23 SA . O 1948 | ||
| 100 | 1 |
_aSalomon , A _eAuteur |
|
| 245 | 1 | 2 |
_aL' O. N. U. Et La Paix : _bLe Conseil De Sécurité Et Le Règlement Pacifique Des Différends (Chapitre Vi De La Charte Des Nations Unies) / _cA. Salomon; Préface De Albert De La Pradelle. |
| 264 | 1 |
_aParis : _bLes Éditions Internationales, _c1948. |
|
| 300 |
_a204 page, _c 24 cm. |
||
| 336 |
_2rda contenu _a texte |
||
| 337 |
_2rda medias _aOrdinateur |
||
| 338 |
_2 transporteur rda _a Ressource en ligne |
||
| 504 | _aComprend des références bibliographiques et un index. | ||
| 504 | _aBibliographie : pages 193-198 | ||
| 546 | _aTexte en français | ||
| 650 | 1 | 4 | _aDroit international privé |
| 700 | 1 |
_aLa Pradelle, Albert De _ePréfacier |
|
| 856 | 4 | 0 | _uhttps://fll.law.cu.edu.eg/fulltext/bks/B11-05231.pdf |
| 905 | _a48 | ||
| 942 |
_2ddc _cBK _e21 _n0 |
||
| 999 |
_c70170 _d70170 |
||